[Event "Toronto Bayview op 117th"]
[Site "Toronto"]
[Date "2008.07.15"]
[Round "4"]
[White "Jackiw, Mark"]
[Black "Armstrong, Robert J"]
[Result "0-1"]
[WhiteElo "1583"]
[BlackElo "1839"]
[PlyCount "102"]
[EventDate "2008.05.24"]
[EventType "tourn"]
[EventRounds "9"]
[EventCountry "CAN"]
[SourceTitle "EXT 2011"]
[Source "ChessBase"]
[SourceDate "2010.11.26"]
[SourceVersion "1"]
[SourceVersionDate "2010.11.26"]
[SourceQuality "1"]

1. c4 d6 2. f4 g6 3. Nf3 Bg7 4. d4 Nf6 5. Nc3 0-0 6. e4 c5 7. d5 Na6 8. Be2 Qb6 9. h3 Bd7 10. 0-0 Nb4 11. a3 Na6 12. Rb1 Nh5 13. Qc2 Ng3 14. Re1 Bd4+ 15. Kh2 Nxe2 16. Rxe2 Bg7 17. Be3 Qc7 18. g4 e6 19. Qd2 Rab8 20. f5 exf5 21. gxf5 f6 22. Bh6 g5 23. Bxg7 Kxg7 24. Rg2 Kf7 25. b4 cxb4 26. axb4 Qxc4 27. b5 Nc5 28. Nd4 Qd3 29. Ra1 Qxd2 30. Rxd2 a6 31. bxa6 bxa6 32. Ne6 Nb3 33. Nxf8 Bb5 34. Nxb5 Rxb5 35. Nxh7 Nxd2 36. Rxa6 Nxe4 37. Ra7+ Kg8 38. h4 gxh4 39. Kh3 Rxd5 40. Kxh4 Rxf5 41. Kg4 Rf1 42. Nxf6+ Nxf6+ 43. Kg5 Ne4+ 44. Kg4 Kf8 45. Kh3 d5 46. Ra5 d4 47. Rd5 Rd1 48. Rf5+ Kg7 49. Kg2 d3 50. Re5 Re1 51. Rd5 d2 0-1

[Event "Toronto Bayview op 117th"]
[Site "Toronto"]
[Date "2008.07.08"]
[Round "2"]
[White "Jackiw, Mark"]
[Black "MacIlquham, Thomas"]
[Result "1-0"]
[WhiteElo "1583"]
[BlackElo "1163"]
[PlyCount "47"]
[EventDate "2008.05.24"]
[EventType "tourn"]
[EventRounds "9"]
[EventCountry "CAN"]
[SourceTitle "EXT 2011"]
[Source "ChessBase"]
[SourceDate "2010.11.26"]
[SourceVersion "1"]
[SourceVersionDate "2010.11.26"]
[SourceQuality "1"]

1. c4 f5 2. e4 fxe4 3. Nc3 Nf6 4. Qc2 d5 5. cxd5 Bf5 6. Bb5+ Nbd7 7. f3 Bg6 8. fxe4 a6 9. Bxd7+ Qxd7 10. d3 0-0-0 11. Nf3 Bh5 12. Ne5 Qd6 13. Bf4 Qc5 14. Qd2 e6 15. d4 Qb6 16. Nc4 Qa7 17. d6 h6 18. e5 Ng4 19. h3 g5 20. hxg4 Bg6 21. Be3 cxd6 22. d5 Qb8 23. Nb6+ Kc7 24. Nb5+ 1-0

[Event "Toronto Bayview Games Club #105"]
[Site "Toronto"]
[Date "2007.07.09"]
[Round "6"]
[White "Jackiw, Mark"]
[Black "Armstrong, Robert J"]
[Result "0-1"]
[WhiteElo "1628"]
[BlackElo "1813"]
[PlyCount "48"]
[EventDate "2007.05.28"]
[EventType "tourn"]
[EventRounds "9"]
[EventCountry "CAN"]
[SourceTitle "EXT 2022"]
[Source "ChessBase"]
[SourceDate "2021.10.06"]
[SourceVersion "1"]
[SourceVersionDate "2021.10.06"]
[SourceQuality "1"]

1. c4 g6 2. d4 Bg7 3. Nc3 d6 4. c5 dxc5 5. d5 Bd7 6. Nf3 e5 7. Bd2 Nf6 8. Nb5 a6 9. Nc3 0-0 10. h4 h5 11. Qb3 Ne4 12. Nxe5 Bxe5 13. Nxe4 Bd4 14. Bg5 Bf5 15. Bd2 Nd7 16. 0-0-0 Bxe4 17. a4 Be3 18. Bxe3 b5 19. axb5 a5 20. Qd3 Kh8 21. Rd2 Bf5 22. Rh3 Re8 23. Qb1 Bc2 24. Rd3 Rxe3 0-1

[Event "Toronto Bayview Games Club #105"]
[Site "Toronto"]
[Date "2007.06.18"]
[Round "4"]
[White "Jackiw, Mark"]
[Black "Maguire, Jack"]
[Result "1/2-1/2"]
[WhiteElo "1624"]
[BlackElo "1358"]
[PlyCount "99"]
[EventDate "2007.05.28"]
[EventType "tourn"]
[EventRounds "9"]
[EventCountry "CAN"]
[SourceTitle "EXT 2022"]
[Source "ChessBase"]
[SourceDate "2021.10.06"]
[SourceVersion "1"]
[SourceVersionDate "2021.10.06"]
[SourceQuality "1"]

1. c4 e5 2. Nf3 Nc6 3. Nc3 f5 4. e4 d6 5. d4 fxe4 6. Nxe4 Bg4 7. d5 Nd4 8. Be3 Nxf3+ 9. gxf3 Bd7 10. Bd3 Be7 11. Rg1 g6 12. Qc2 Bf5 13. Ke2 Qd7 14. b4 Nf6 15. Bh6 Rg8 16. Be3 b6 17. a4 Kf8 18. Bh6+ Kf7 19. Ng5+ Ke8 20. c5 Bxd3+ 21. Qxd3 dxc5 22. Rgd1 cxb4 23. Ne6 c6 24. Ng7+ Kf7 25. d6 Bf8 26. Qc4+ Nd5 27. Rxd5 Bxg7 28. Rxe5+ Kf8 29. Re7 Qf5 30. Bxg7+ Rxg7 31. Qxc6 Rxe7+ 32. dxe7+ Kxe7 33. Qxa8 Qc2+ 34. Ke3 Qc3+ 35. Ke4 Qc4+ 36. Ke3 Qc3+ 37. Kf4 Qf6+ 38. Ke3 Qxa1 39. Qxa7+ Kf6 40. Qxb6+ Kg5 41. Qb5+ Kh6 42. Qxb4 Qe5+ 43. Kd2 Qxh2 44. Ke2 Qe5+ 45. Kf1 Qa1+ 46. Kg2 Qf6 47. a5 Qg5+ 48. Kf1 Qf6 49. Qb6 Qxf3 50. a6 1/2-1/2

[Event "Toronto Bayview Games Club #101"]
[Site "Toronto"]
[Date "2007.02.19"]
[Round "7"]
[White "Kurkowski, Ken"]
[Black "Jackiw, Mark"]
[Result "1-0"]
[WhiteElo "1799"]
[BlackElo "1465"]
[PlyCount "71"]
[EventDate "2007.01.08"]
[EventType "tourn"]
[EventRounds "9"]
[EventCountry "CAN"]
[SourceTitle "EXT 2022"]
[Source "ChessBase"]
[SourceDate "2021.10.06"]
[SourceVersion "1"]
[SourceVersionDate "2021.10.06"]
[SourceQuality "1"]

1. d4 e5 2. dxe5 Nc6 3. Nf3 Nge7 4. Bf4 Ng6 5. e3 b6 6. Be2 Bb4+ 7. Nbd2 Bxd2+ 8. Qxd2 Qe7 9. Qc3 0-0 10. 0-0-0 Re8 11. Rhe1 a6 12. Bg5 Qb4 13. Qxb4 Nxb4 14. a3 Nc6 15. Bd3 Ncxe5 16. Nxe5 Nxe5 17. Be4 c6 18. Bf5 d5 19. Bxc8 Raxc8 20. h3 f6 21. Bf4 Nc4 22. Rd4 g5 23. Bh2 f5 24. Red1 Kf7 25. g4 fxg4 26. hxg4 Ne5 27. Bxe5 Rxe5 28. c4 dxc4 29. Rxc4 c5 30. a4 b5 31. axb5 axb5 32. Rc2 Ra8 33. Kb1 Ke6 34. Rcd2 Ra6 35. Rh1 Ra7 36. Rh6+ 1-0